000 00660cam a22002293a 4500
001 19352
003 PGUSA
005 20140828083417.0
008 060922s2006||||xxu|||||s|||||000 | eng d
040 _aPGUSA
_beng
042 _adc
050 4 _aQK
100 1 _aFernie, William Thomas,
_d1830-
245 1 0 _aHerbal Simples Approved for Modern Uses of Cure
_h[electronic resource] /
_cWilliam Thomas Fernie
260 _bProject Gutenberg,
_c2006
506 _aPublic domain in the USA.
516 _aElectronic text
653 _aBotany, Medical
830 0 _aProject Gutenberg
_v19352
856 4 0 _uhttp://www.gutenberg.org/ebooks/19352
942 _cEB
999 _c248607
_d248607